| 000 | 00681nam a2200217Ia 4500 | ||
|---|---|---|---|
| 003 | GCL | ||
| 008 | 140319s9999 xx 000 0 ara d | ||
| 040 |
_aGCL / _cGCL |
||
| 082 | 0 | 4 |
_a210.4 _bم م |
| 100 | 1 | _aمحمد عبدالحميد ابوزيد | |
| 245 | 1 | 0 |
_aمكانة المرأة فى الاسلام / _cمحمد عبدالحميد ابوزيد |
| 260 |
_a[S.N] : _bدار النهضة العربية ، _c1979 |
||
| 300 | _a278 ص | ||
| 490 | _a | ||
| 650 | 0 | 4 | _aالاسلام |
| 650 | 0 | 4 | _aالزواج |
| 650 | 0 | 4 | _aالاجتماع الاسلامى |
| 650 | 0 | 4 | _aالمرأة المسلمة |
| 650 | 0 | 4 | _aالمرأة فى الاسلام |
| 942 |
_2ddc _cBK |
||
| 999 |
_c31861 _d31861 |
||